00769nam a2200229 a 450000100060000000300080000600500170001400800410003102000320007203500190010404000350012304100080015808200360016611000360020224500950023826000240033330000350035749000280039250000320042065000590045283000280051162137BD-RjUL20211209081040.0170123s2003 bg 00010 eng d a9845084869c: Complimentary a(BD-RjUL)62262 aBD-RjULbengdBD-RjULcBD-RjUL aeng 223a630.95492021bNIL 2003 (ZS) aBangladesh Bureau of Statistics aCensus of Agriculture - 1996 :bZila Series: Nilphamari /cBangladesh Bureau of Statistics aDhaka :bBBS,c2003 axiv, 253 p. : bill. ;c28 cm. aZila Series: Nilphamari aChiefly statistical tables. aAgriculturezBangladeshzNilphamarivStatistics.y1996 aZila Series: Nilphamari